• 首页
  • 本馆介绍
  • 公告通知
  • 最新文献
  • 馆藏检索
  • 电子资源
  • 读者导购
  • 参考咨询
  • 我的图书馆
  • 登录
  • 详细信息显示
  • 放入我的书架
  • 预约/预借图书
  • 作者相关作品
  • 分类相关作品
  • 丛书相关作品
  • 出版社相关作品

书目信息

  • 表格格式
  • 工作单格式
  • 卡片格式
题名:
史讳举例
    
 
作者: 陈垣 著
分册:  
出版信息: 北京   中华书局  2016
页数: 278页
开本: 22cm
丛书名:
单 册:
中图分类: K892.98
科图分类:
主题词: 称谓--社会习惯语--研究--中国
电子资源:
ISBN: 978-7-101-11807-0
000 00872nam0 2200253 450
001 012001004088
005 20140928162348.0
010    @a978-7-101-11807-0@b精装@dCNY28.00
100    @a20160909d2016 em y0chiy50 ea
101 0  @achi
102    @aCN@b110000
105    @ay z 000yy
106    @ar
200 1  @a史讳举例@9shi hui ju li@f陈垣著
210    @a北京@c中华书局@d2016
215    @a278页@d22cm
300    @a跟大师学国学
330    @a本书是作者在避讳学方面的一部总结性著作。全书以史为主,分为八卷,涉及事例八十多个。内容包括:避讳所用之方法、避讳之种类、避讳改史实、因避讳而生之讹异、避讳学注意之事项、不讲避讳学之贻误、避讳学之利用、历朝讳例。
606 0  @a称谓@x社会习惯语@x研究@y中国
610 0  @a避讳
690    @aK892.98@v5
701  0 @a陈垣@9chen yuan@f(1880~1971)@4著
801  0 @aCN@b上海新华@c20180901
905    @b1164247-51@dK892.98@e299@f5
    
    史讳举例/陈垣著.-北京:中华书局,2016
    278页;22cm
    跟大师学国学
    
    ISBN 978-7-101-11807-0(精装):CNY28.00
    本书是作者在避讳学方面的一部总结性著作。全书以史为主,分为八卷,涉及事例八十多个。内容包括:避讳所用之方法、避讳之种类、避讳改史实、因避讳而生之讹异、避讳学注意之事项、不讲避讳学之贻误、避讳学之利用、历朝讳例。
●
相关链接 在E读中查询图书 在五车中查询图书 在当当中查询图书 在豆瓣中查询图书


正题名:史讳举例     索取号:K892.98/299         预约/预借

序号 登录号 条形码 馆藏地/架位号 状态 备注
1 1164247   211642472   第二样本阅览室/ [索取号:K892.98/299] 在馆    
2 1164248   211642481   第二借阅区/ [索取号:K892.98/299] 在馆    
3 1164249   211642490   第二借阅区/ [索取号:K892.98/299] 在馆    
4 1164250   211642506   密集书库-史法系/ [索取号:K892.98/299] 在馆    
5 1164251   211642515   第二借阅区/ [索取号:K892.98/299] 在馆    
唐山师范学院图书馆 欢迎您!
大连网信软件有限公司© 版权所有